000 006470000a22002170004500
020 _a0-8028-0265-6
041 0 _aENG
082 0 4 _aG 253.2 P4851w
100 1 _aPeterson, Eugene H.
245 1 0 _aWorking the angles : The shape of pastoral integrity / Eugene H. Peterson
260 _aGrand Rapids, MI., USA : Eerdmans
300 _a136 Pag
501 _arústico
505 0 0 _aOración -- Escritura -- Dirección espíritual
650 1 4 _aTeología pastoral \ Pastores - vida cristiana
001 6340
942 _cBK
999 _c36613
_d36613
336 _atexto
_btxt
_2rdacontent
337 _2rdamedia
_asin mediación
_bn
338 _2rdacarrier
_avolumen
_bnc